| 000 | 00901nam a22002291 4500 | ||
|---|---|---|---|
| 001 | 180126 | ||
| 003 | ES-MaACL | ||
| 005 | 20230906221015.0 | ||
| 008 | 120420s1949 sp r |||| | spa d | ||
| 080 | _a806.0-085.5(461.21 Babia) | ||
| 080 | _a806.0-085.5(461.21 Laciana) | ||
| 100 | 1 |
_aAlvarez, Guzmán. _920636 |
|
| 245 | 1 | 3 |
_aEl habla de Babia y Laciana / _cpor Guzmán Álvarez. |
| 260 |
_aMadrid : _bConsejo Superior de Investigaciones Científicas, Patronato "Menéndez Pelayo", Instituto "Miguel de Cervantes", _c1949. |
||
| 300 |
_a337 p. 46, [2] h. de lám. ; _c24 cm. |
||
| 490 | 1 |
_aAnejos de "La Revista de Filología Española" ; _v49 |
|
| 650 | 4 |
_aLengua española- _zLeón (Provincia) _9163192 |
|
| 710 | 2 |
_aInstituto "Miguel de Cervantes" _95133 |
|
| 830 | 0 |
_aAnejos de "La Revista de Filología Española" ; _v49 _9191161 |
|
| 852 |
_aES-MaACL _jE-15396 |
||
| 999 |
_c180126 _d180126 |
||